| 000 | 01068ngm a2200205 4500 | ||
|---|---|---|---|
| 008 | s2002 fr fre u | ||
| 020 | _a286629369X | ||
| 020 | _a9782866293697 | ||
| 040 | _aLB-BrCRDP | ||
| 082 | 1 |
_a912 _bINT |
|
| 245 | 1 | 0 |
_aIntercartes collège - CD _cCollectifs d'auteurs |
| 260 |
_aNice _bCRDP Académie de Nice _c2002 |
||
| 500 | _aLe cédérom propose plus de 240 cartes et 130 fonds de carte qui peuvent être imprimés sur papier ou sur transparent. | ||
| 520 | _aUn premier module permet à l'enseignant de créer un album. Les cartes peuvent être sélectionnées en fonction du programme, du thème, de la région ou de la période, de mots-clés. Chaque carte est accompagnée d'une courte notice. Le second module permet de visualiser en cours, sur un ordinateur (éventuellement connecté à un vidéo-projecteur), les cartes sélectionnées dans l'album. | ||
| 650 | 4 | _aCartographie | |
| 650 | 4 | _aEnseignement de l'histoire géographie | |
| 650 | 4 | _aMonde | |
| 942 | _cVM | ||
| 999 |
_c16007 _d16007 |
||